An Introduction to Reliability and Maintainability Engineering

Uložené v:
Podrobná bibliografia
Hlavný autor: Ebeling, Charles E. (Autor)
Médium: Kniha
Jazyk:English
Vydavateľské údaje: Long Grove : Waveland, 2005
Vydanie:1. Edition
Predmet:
Tagy: Pridať tag
Žiadne tagy, Buďte prvý, kto otaguje tento záznam!

MARC

LEADER 00000nam a22000003a 4500
001 stu161151
005 20150617225954.4
008 080409s2005----xxu-----------------eng-d
020 |a 978-1-57766-386-7 
040 |a STU  |b slo 
041 0 |a eng 
044 |a xxu 
080 |a 303.214.2  |7 stu_us_auth*stu609 
100 1 |a Ebeling, Charles E.  |4 aut 
245 1 |a An Introduction to Reliability and Maintainability Engineering 
250 |a 1. Edition 
260 |a Long Grove :  |b Waveland,  |c 2005 
300 |a 486 s  |c CD 
650 7 |a spoľahlivosť a údržba  |2 stusub 
996 |b 284J033781  |c J*109581  |l JJSK  |s A  |a 24  |w stu161151_0001